Origin and development of Bihar legislature (Record no. 490795)

000 -LEADER
fixed length control field 00336cam a22001097a 4500
008 - FIXED-LENGTH DATA ELEMENTS--GENERAL INFORMATION
fixed length control field 180718b1982 xxu||||| |||| 00| 0 eng d
082 ## - DEWEY DECIMAL CLASSIFICATION NUMBER
Classification number G2x5413 B489
245 ## - TITLE STATEMENT
Title Origin and development of Bihar legislature
Statement of responsibility, etc. edited by Radha Nandan Jha
260 ## - PUBLICATION, DISTRIBUTION, ETC.
Place of publication, distribution, etc. Patna
Name of publisher, distributor, etc. Vidhan Sabha Secretariat
Date of publication, distribution, etc. 1982
300 ## - PHYSICAL DESCRIPTION
Extent 234+p
700 ## - ADDED ENTRY--PERSONAL NAME
Personal name Jha, Radha Nandan
Holdings
Withdrawn status Lost status Damaged status Not for loan Permanent Location Current Location Date acquired Full call number Barcode Date last seen Price effective from Koha item type
        Indian Institute of Public Administration Indian Institute of Public Administration 2018-08-04 G2x5413 B489 GG19946 2018-08-04 2018-08-04 GG

Powered by Koha